Online
Catalog

Lengua española : (Record no. 12576)

MARC details
000 -CABECERA
campo de control de longitud fija 01423nam a2200205 a 4500
001 - NÚMERO DE CONTROL
campo de control 000012928
005 - FECHA Y HORA DE LA ÚLTIMA TRANSACCIÓN
campo de control 20200929163113.0
008 - DATOS DE LONGITUD FIJA--INFORMACIÓN GENERAL
campo de control de longitud fija 150130s1999 dr ac 000 0 spa d
020 ## - NÚMERO INTERNACIONAL ESTÁNDAR DEL LIBRO
Número Internacional Estándar del Libro 8484002829 (v. 2)
040 ## - FUENTE DE LA CATALOGACIÓN
Centro catalogador/agencia de origen DO-SdBNP
Lengua de catalogación spa
Centro/agencia transcriptor BNPHU
082 ## - NÚMERO DE LA CLASIFICACIÓN DECIMAL DEWEY
Número de clasificación xxxx
Número de documento/Ítem xxxx
245 00 - MENCIÓN DE TÍTULO
Título Lengua española :
Resto del título educación básica /
Mención de responsabilidad, etc. dirección editorial Lourdes Camilo de Cuello.
250 ## - MENCIÓN DE EDICIÓN
Mención de edición 4a. ed.
260 ## - PUBLICACIÓN, DISTRIBUCIÓN, ETC.
Lugar de publicación, distribución, etc. Santo Domingo :
Nombre del editor, distribuidor, etc. Secretaría de Estado de Educación y Cultura,
Fecha de publicación, distribución, etc. 1999
Fabricante Taller
300 ## - DESCRIPCIÓN FÍSICA
Extensión 8 v. :
Otras características físicas il., retrs. ;
Dimensiones 28 cm.
500 ## - NOTA GENERAL
Nota general educación básica
500 ## - NOTA GENERAL
Nota general La biblioteca solamente posee el volumen 2.
505 1# - NOTA DE CONTENIDO CON FORMATO
Nota de contenido con formato v. 2 :
Información miscelánea unidad 1 --
Título Volvemos a la escuela --
Información miscelánea unidad 2 --
Título ¡Ya no estoy solo! --
Información miscelánea unidad 3 --
Título Las aventuras de Alicia --
Información miscelánea unidad 4 --
Título La fiesta de los sentidos --
Información miscelánea unidad 5 --
Título Jugamos y hacemos deporte --
Información miscelánea unidad 6 --
Título Ha llegado la navidad --
Información miscelánea unidad 7 --
Título Una amistad poco común --
Información miscelánea unidad 8 --
Título Juan sin miedo --
Información miscelánea unidad 9 --
Título Una buena lección --
Información miscelánea unidad 10 --
Título ¡Cómo pasa el tiempo! --
Información miscelánea unidad 11 --
Título Una buena noticia --
Información miscelánea unidad 12 --
Título Agencia de viajes --
Información miscelánea unidad 13 --
Título Otras formas de comunicación --
Información miscelánea unidad 14 --
Título Una nueva casa --
Información miscelánea unidad 15 --
Título La chichigua pasea por el cielo --
Información miscelánea unidad 16 --
Título Una visita al zoológico --
Información miscelánea unidad 17 --
Título Cuidamos la naturaleza --
Información miscelánea unidad 18 --
Título Llegan las vacaciones --
700 12 - PUNTO DE ACCESO ADICIONAL--NOMBRE DE PERSONA
Nombre de persona Camilo de Cuello, Lourdes
Término indicativo de función/relación dir. ed.
9 (RLIN) 13081
Holdings
Estado de retiro Estado de pérdida No para préstamo Código de colección Localización permanente Ubicación/localización actual Ubicación en estantería Fecha de adquisición Número de inventario Total de préstamos Signatura topográfica completa Código de barras Fecha visto por última vez Precio válido a partir de Tipo de ítem Koha
    Excluido de préstamo Patrimonio Dominicano Patrimonio Dominicano Patrimonio Dominicano Depósito 18.11.2009 LF1   xxxx xxxx 12928-10 25.06.2020 25.06.2020 Libro y Folleto Colección Patrimonio Dominicano

Powered by Koha